How many times can you type Montenegro - Statistics

General Stats
  • This quiz has been taken 40 times
  • The average score is 33 of 37
Answer Stats
Hint Answer HINT % Correct
E E M
100%
E E N
100%
G G T
100%
M M T
100%
M M E
100%
N N P
100%
N N O
100%
N N R
100%
O O Y
100%
O O N
100%
O O G
100%
R R E
100%
T T E
100%
E E T
97%
NE NE Y
97%
T T O
97%
GRO GRO P
93%
M M E
93%
O O M
90%
N N O
86%
E E T
83%
N N E
83%
T T N
83%
E E N
79%
G G E
79%
O O R
79%
R R G
79%
E E T
76%
M M O
76%
N N O
76%
N N E
76%
O O M
76%
T T N
76%
E E G
72%
G G R
72%
O O Montenegro
72%
R R O
72%
No matching quizzes found
Score Distribution
Percent of People with Each Score
Percentile by Number Answered
Your Score History
You have not taken this quiz